| 000 | 00552nam a2200193Ia 4500 | ||
|---|---|---|---|
| 005 | 20250326141129.0 | ||
| 008 | 250326s9999 xx 000 0 und d | ||
| 020 | _a0-262-22050-4 | ||
| 037 | _aTextbook | ||
| 040 |
_aFMSL _beng _cFMSL |
||
| 041 |
_aeng _2eng |
||
| 084 |
_aX36.7 N7 _qFMSL |
||
| 100 |
_aVogelsang I _9743773 |
||
| 245 | 0 |
_aTelecommunications competition:last ten miles _cVogelsang I; Mitchell B M |
|
| 260 |
_aLondon _bLondon, MIT Press _c1997 |
||
| 300 | _a380p | ||
| 942 |
_cTB _hX36.7 N7 |
||
| 999 |
_c1288842 _d1288842 |
||